00951nam a2200217 a 450000100100000000500170001000800410002702000150006804000250008310000340010824501370014226000640027930000210034349000400036450400310040450400730043571000540050883000490056295201050061199900170071600003920020201002031536.0130611s2004 dr 000 0 spa d a8400082249 aDO-SdBNPbspacBNPHU1 aPego Puigbó, Armando96538713aEl renacimiento espiritual :bintroducción literaria a los tratados de oración españoles (1520-1566) /cArmando Pego Puigbó. aMadrid :bInstituto de la Lengua Española, (CSIC),c2004. a222 p. ;c24 cm.1 aAnejos de Revista de literaturav61 aBibliografía : p. 207-22 aIncluye referencias bibliográficas y notas al pie de las páginas2 aInstituto de la Lengua Española, (CSIC),965388 0aAnejos de Revista de literatura ;v61915426 0010718PDaGRbGRcCTd2013-06-11iLF1l0o p39200-10r2020-06-25w2020-06-25yLFPDZNo se presta c38690d38690